<?xml version="1.0" encoding="UTF-8"?>
<record
    xmlns:xsi="http://www.w3.org/2001/XMLSchema-instance"
    xsi:schemaLocation="http://www.loc.gov/MARC21/slim http://www.loc.gov/standards/marcxml/schema/MARC21slim.xsd"
    xmlns="http://www.loc.gov/MARC21/slim">

  <leader>01811nam a2200241Ia 4500</leader>
  <controlfield tag="008">120625s1999    sp            000 0 spa d</controlfield>
  <datafield tag="020" ind1=" " ind2=" ">
    <subfield code="a">8497321502</subfield>
  </datafield>
  <datafield tag="050" ind1=" " ind2="4">
    <subfield code="a">QA76.76O63 </subfield>
    <subfield code="b">Q835</subfield>
  </datafield>
  <datafield tag="100" ind1="1" ind2=" ">
    <subfield code="a">Quero Catalinas, Enrique</subfield>
    <subfield code="e">, autor.</subfield>
    <subfield code="9">6668</subfield>
  </datafield>
  <datafield tag="245" ind1="1" ind2="0">
    <subfield code="a">Sistemas operativos y lenguajes de programaci&#xF3;n</subfield>
    <subfield code="c"> / Enrique Quero Catalinas.</subfield>
  </datafield>
  <datafield tag="260" ind1="3" ind2=" ">
    <subfield code="a">Espa&#xF1;a </subfield>
    <subfield code="b">: Thomson : Paraninfo</subfield>
    <subfield code="c">, 1999.</subfield>
  </datafield>
  <datafield tag="300" ind1=" " ind2=" ">
    <subfield code="a">xiii, 267 p&#xE1;ginas.</subfield>
  </datafield>
  <datafield tag="337" ind1=" " ind2=" ">
    <subfield code="a">Texto</subfield>
  </datafield>
  <datafield tag="338" ind1=" " ind2=" ">
    <subfield code="a">Sin medio</subfield>
  </datafield>
  <datafield tag="339" ind1=" " ind2=" ">
    <subfield code="a">Volumen</subfield>
  </datafield>
  <datafield tag="490" ind1="0" ind2=" ">
    <subfield code="a">Sistemas de telecomunicaci&#xF3;n e inform&#xE1;ticos</subfield>
  </datafield>
  <datafield tag="500" ind1=" " ind2=" ">
    <subfield code="a">Plan flexible
Inform&#xE1;tica / Programaci&#xF3;n estructurada P14 / (04 000099)</subfield>
  </datafield>
  <datafield tag="504" ind1=" " ind2=" ">
    <subfield code="a">Incluye bibliograf&#xED;a (pp. 267)</subfield>
  </datafield>
  <datafield tag="505" ind1="1" ind2=" ">
    <subfield code="a">Generalidades sobre los sistemas operativos
Introducci&#xF3;n al sistema operativo DOS
Gesti&#xF3;n de directorios
Gesti&#xF3;n de ficheros
Gesti&#xF3;n de unidades de disco
Ficheros por lotes
Configuraci&#xF3;n del sistema
Gesti&#xF3;n de memoria
Gesti&#xF3;n avanzada del DOS
Aplicaciones inform&#xE1;ticas de prop&#xF3;sito
Virus inform&#xE1;tico
Caracteristicas generales del UNIX
Gesti&#xF3;n de ficheros y directorios
Editor de textos vi
Connotaciones avanzadas de UNIX
Instalaci&#xF3;n y mantenimiento de equipos inform&#xE1;ticos
Introducci&#xF3;n a la programaci&#xF3;n
Tipos y estructuras b&#xE1;sicas de datos
Representaci&#xF3;n gr&#xE1;fica de algoritmos
Tipos de instrucciones y estructuras de control
Estructuras est&#xE1;ticas de datos (tablas)
Dise&#xF1;o modular de programas
Estructuras externas de datos (FICHEROS)
Estructuras din&#xE1;micas de datos
Caracter&#xED;sticas del lenguaje C y tipos de datos
Estructura de un programa en C
Arrays
Punteros y gesti&#xF3;n din&#xE1;mica de memoria
Funciones
Estructuras de datos compuestas
Ficheros.
</subfield>
  </datafield>
  <datafield tag="650" ind1="1" ind2="4">
    <subfield code="a">SISTEMAS OPERATIVOS (COMPUTADORAS)  </subfield>
    <subfield code="9">6047</subfield>
  </datafield>
  <datafield tag="650" ind1="2" ind2="4">
    <subfield code="a">LENGUAJES DE PROGRAMACI&#xD3;N (COMPUTADORAS)</subfield>
    <subfield code="9">6669</subfield>
  </datafield>
  <datafield tag="942" ind1=" " ind2=" ">
    <subfield code="c">LB</subfield>
  </datafield>
  <datafield tag="952" ind1=" " ind2=" ">
    <subfield code="0">0</subfield>
    <subfield code="1">0</subfield>
    <subfield code="4">0</subfield>
    <subfield code="7">0</subfield>
    <subfield code="a">04</subfield>
    <subfield code="b">04</subfield>
    <subfield code="d">2007-02-20</subfield>
    <subfield code="l">1</subfield>
    <subfield code="o">QA76.76O63 Q835</subfield>
    <subfield code="p">04 000099</subfield>
    <subfield code="r">2017-04-01</subfield>
    <subfield code="s">2017-04-01</subfield>
    <subfield code="t">1</subfield>
    <subfield code="w">2012-06-24</subfield>
    <subfield code="y">LB</subfield>
  </datafield>
  <datafield tag="999" ind1=" " ind2=" ">
    <subfield code="c">61533</subfield>
    <subfield code="d">61533</subfield>
  </datafield>
</record>
